2022 North Melbourne Kangaroos AFL Team Quiz - Statistics

General Stats
  • This quiz has been taken 98 times
  • The average score is 24 of 43
Answer Stats
No. Player Name % Correct
22 Todd Goldstein
94%
44 Cameron Zurhaar
89%
12 Jy Simpkin
89%
20 Nick Larkey
89%
10 Ben Cunnington
88%
7 Jack Ziebell
88%
9 Luke Davies-Uniacke
84%
11 Luke McDonald
78%
25 Paul Curtis
73%
2 Jaidyn Stephenson
72%
8 Bailey Scott
70%
5 Curtis Taylor
70%
23 Ben McKay
69%
38 Tristan Xerri
67%
24 Tom Powell
64%
6 Jason Horne-Francis
63%
43 Aaron Hall
61%
29 Will Phillips
61%
4 Aiden Corr
59%
30 Charlie Comben
58%
1 Jack Mahony
58%
21 Callum Coleman-Jones
53%
18 Hugh Greenwood
52%
26 Tarryn Thomas
52%
3 Jed Anderson
47%
36 Phoenix Spicer
45%
16 Aiden Bonar
44%
40 Eddie Ford
44%
28 Kayne Turner
44%
34 Jackson Archer
42%
31 Josh Goater
39%
35 Charlie Lazzaro
36%
13 Jared Polec
36%
19 Josh Walker
36%
33 Patrick Walker
36%
27 Miller Bergman
34%
42 Kallan Dawson
33%
17 Lachie Young
31%
39 Flynn Perez
30%
32 Jacob Edwards
23%
37 Kyron Hayden
22%
15 Atu Bosenavulagi
19%
41 Matt McGuinness
17%
No matching quizzes found
Score Distribution
Percent of People with Each Score
Percentile by Number Answered
Your Score History
You have not taken this quiz